000 00380nam a2200145 i 4500
001 bg
100 1 _aKOŻJEWNIKOV, I. G.
245 0 _aTiepłofiziczeskije svojstwa materiałov... /
_cI.G. Kożjevnikov, Ł.A. Novickij.
260 _aMoskva,
_c1982.
700 1 _aNOVICKIJ, Ł. A.
040 _cBPK
041 _apol
942 _cKS
008 s pl f |000 0 pol
999 _c21872
_d21872
856 _uhttp://koha.tu.koszalin.pl/cgi-bin/koha/opac-detail.pl?biblionumber=21872
_yKatalog online BPK